The methods for direct detection of WIMP with mass < 0.5 GeV/c2 (Запись № 10563718)

Подробности
000 -МАРКЕР
контрольное поле 01622nam0a2200373 4500
001 - ИДЕНТИФИКАТОР ЗАПИСИ
контрольное поле RU\NLR\BIBL_A\010892985
005 - ИДЕНТИФИКАТОР ВЕРСИИ
контрольное поле 20250624195854.0
010 ## - МЕЖДУНАРОДНЫЙ СТАНДАРТНЫЙ НОМЕР КНИГИ (ISBN)
Номер (ISBN) 978-5-94274-292-8
Тираж 100
021 ## - НОМЕР ГОСУДАРСТВЕННОЙ РЕГИСТРАЦИИ
Код страны российская федерация
Номер 2015-82551
Номер Листа государственной регистраци 5031
035 ## - ДРУГИЕ СИСТЕМНЫЕ НОМЕРА
Идентификатор записи (NILC)RuMoRGB-008048969
035 ## - ДРУГИЕ СИСТЕМНЫЕ НОМЕРА
Идентификатор записи (NLR Aleph) 010892985
100 ## - ДАННЫЕ ОБЩЕЙ ОБРАБОТКИ
Данные общей обработки 20151113d2015 |||y0rusy50 ca
101 0# - ЯЗЫК РЕСУРСА
Язык текста, звукозаписи и т.д. английский
Язык резюме русский
102 ## - СТРАНА ПУБЛИКАЦИИ ИЛИ ПРОИЗВОДСТВА
Страна публикации российская федерация
105 ## - ПОЛЕ КОДИРОВАННЫХ ДАННЫХ: ТЕКСТОВЫЕ МАТЕРИАЛЫ, МОНОГРАФИЧЕСКИЕ
Кодированные данные о монографическом текстовом документе a z 000yy
200 1# - ЗАГЛАВИЕ И СВЕДЕНИЯ ОБ ОТВЕТСТВЕННОСТИ
Основное заглавие The methods for direct detection of WIMP with mass < 0.5 GeV/c2
Первые сведения об ответственности B. M. Ovchinnikov, I. I. Tkachev, V. V. Parusov
210 ## - ПУБЛИКАЦИЯ, РАСПРОСТРАНЕНИЕ И ДР.
Место издания, распространения и т.д. Moscow
Имя издателя, распространителя и т. д. Inst. for nuclear research of the Russian acad. of sciences
Дата издания, распространения и т.д. 2015
215 ## - ФИЗИЧЕСКАЯ ХАРАКТЕРИСТИКА
Специфическое обозначение материала и объем 7, [1] с.
Другие сведения о физической характеристике ил.
Размеры 29
225 1# - СЕРИЯ
Основное заглавие серии Preprint INR
Сведения об ответственности Inst. for nuclear research of the Russ. acad. of sciences
Обозначение тома 1405/2015
300 ## - ОБЩИЕ ПРИМЕЧАНИЯ
Текст примечания Рез. на рус. яз.
320 ## - ПРИМЕЧАНИЯ О НАЛИЧИИ В ДОКУМЕНТЕ БИБЛИОГРАФИИ / УКАЗАТЕЛЯ
Текст примечания Библиогр. в конце кн. (14 назв.)
541 1# - ПЕРЕВОД ЗАГЛАВИЯ, СДЕЛАННЫЙ КАТАЛОГИЗАТОРОМ
Заглавие Методы прямого детектирования WIMP с массой ?0.5 ГэВ/с?
Язык заглавия русский
606 ## - НАИМЕНОВАНИЕ ТЕМЫ КАК ПРЕДМЕТ
Наименование темы Темная материя
Тематический подзаголовок Поиск
Системный номер авторитетной/нормативной записи 2121025
Идентификатор авторитетной/нормативной записи RU\NLR\AUTH\661280777
606 ## - НАИМЕНОВАНИЕ ТЕМЫ КАК ПРЕДМЕТ
Наименование темы Детекторы ядерного излучения газоразрядные проволочные
Системный номер авторитетной/нормативной записи 2206694
Идентификатор авторитетной/нормативной записи RU\NLR\AUTH\661325775
686 1# - ИНДЕКСЫ ДРУГИХ КЛАССИФИКАЦИЙ
Индекс В632.93
700 #1 - ИМЯ ЛИЦА - ПЕРВИЧНАЯ ОТВЕТСТВЕННОСТЬ
Начальный элемент ввода Ovčinnikov
Часть имени, кроме начального элемента ввода B.M.
Даты 1933-
Расширение инициалов личного имени Boris Michajlovič
701 #1 - ИМЯ ЛИЦА - АЛЬТЕРНАТИВНАЯ ОТВЕТСТВЕННОСТЬ
Начальный элемент ввода Tkačev
Часть имени, кроме начального элемента ввода I.I.
Даты 1957-
Расширение инициалов личного имени Igor' Ivanovič
701 #1 - ИМЯ ЛИЦА - АЛЬТЕРНАТИВНАЯ ОТВЕТСТВЕННОСТЬ
Начальный элемент ввода Parusov
Часть имени, кроме начального элемента ввода В. В.
Даты 1963-
Расширение инициалов личного имени Viktor Vladimirovič
801 #0 - ИСТОЧНИК ЗАПИСИ
Страна российская федерация
Организация РГБ
Дата составления 20151021
Правила каталогизации RCR
942 ## - ДОПОЛНИТЕЛЬНЫЕ ЭЛЕМЕНТЫ ЗАПИСИ (АБИС)
Тип экземпляра АБИС Книга
980 ## - КОЛЛЕКЦИЯ
Название коллекции Национальная библиография
Экземпляры
Тип экземпляра Дата поступления Источник поступления Стоимость Библиотека постоянного хранения Библиотека текущего хранения Место хранения Шифр хранения Штрих-код Статус не для выдачи
Книга 13.11.2015 Обязательный экземпляр 0.00 РНБ (Московский) РНБ (Московский) Иностранный книжный фонд Ик 2015-8/209 1-1166807